[Event "34th Voivoda Cup 2018"]
[Site "Legnica"]
[Date "2018.11.22"]
[Round "1"]
[White "Nasuta, Grzegorz"]
[Black "Hirneise, Tobias"]
[Result "1/2-1/2"]
[WhiteElo "2520"]
[BlackElo "2472"]
[Annotator "TA"]
[PlyCount "159"]
[EventDate "2018.11.22"]
[EventType "tourn"]
[EventCountry "POL"]
[SourceTitle "playchess.com"]
[Source "ChessBase"]
[SourceQuality "1"]

{[%evp 18,159,47,41,38,41,75,59,68,64,73,24,63,2,29,11,25,23,18,11,19,22,31,10,13,0,7,0,0,-45,-10,-12,-7,-6,-9,-14,-6,-8,-6,-11,-9,-14,-5,-70,-66,-65,-77,-152,-139,-173,-166,-172,-179,-181,-171,-285,-292,-287,-286,-268,-213,-215,0,-259,0,-212,-208,-204,-198,-220,-186,-180,-175,-233,-229,-234,-179,-182,-175,-171,-163,-193,-191,-271,-279,-506,-506,-480,-414,-403,-276,-273,-276,-276,-275,-269,-264,-260,-243,-468,-464,-457,-454,-565,-518,-804,-708,-1042,0,-926,-687,-29979,-29980,-12842,-151,-151,-151,-151,-141,-141,-141,-141,-141,-141,-141,-141,-141,-141,-141,-141,-136,-136,-8,-8,-8,-8,-8,-8,-8,-8,-8,-8,-8,-8]} 1. e4 c6 2. d4 d5 3. Nc3 dxe4 4. Nxe4 Nf6 5. Nxf6+ exf6 6. c3 Bd6 7. Bd3 O-O 8. Qc2 Re8+ {B15: Caro-Kann: 3 Nc3: 3...g6 and 3...dxe4 4 Nxe4 Nf6 5 Nxf6+ exf6} 9. Ne2 h5 (9... g6 10. h4 Nd7 11. h5 Nf8 12. Be3 Be6 13. O-O-O a5 14. Kb1 a4 15. hxg6 fxg6 16. c4 Bf7 17. Nc3 a3 18. b3 f5 {0-1 (29) Saric,I (2669)-Jobava,B (2690) Riadh 2017}) 10. O-O {LiveBook: 21 Games} Qc7 {White is slightly better.} 11. h3 h4 12. Bd2 Nd7 13. Rae1 Nf8 14. Kh1 Bd7 {[#]} 15. Ng1 $146 (15. c4 $14) ({Predecessor:} 15. c4 Rad8 16. c5 {½-½ (32) Christiansen,J (2525)-Dragnev,V (2508) Batumi 2018}) 15... Rad8 16. Nf3 Qc8 17. Nxh4 Bxh3 18. Nf5 Bxf5 19. Bxf5 Qc7 20. Rxe8 Rxe8 21. Re1 Rxe1+ 22. Bxe1 g6 23. Bh3 Qe7 {[%cal Re7e1]} 24. Qd1 f5 $40 {[%mdl 128] White needs to defend precisely.} 25. g3 f4 26. Bg4 Qg5 27. Kh2 Nh7 28. Qe2 Nf6 29. Bf3 Kg7 30. Kg2 (30. b3 $11) 30... fxg3 $15 31. fxg3 Nd5 32. Bxd5 (32. Kh2 $142) 32... Qxd5+ $17 33. Kh2 Qxa2 34. c4 Qb3 $1 35. Bc3 {[#]} Kf8 $1 36. Qg4 (36. Qd3 $142) 36... Qxc4 $19 37. Qc8+ Ke7 38. Qxb7+ Ke6 39. Qc8+ Ke7 40. Qb7+ {[#]} Ke6 $2 (40... Kf6 $1 $19 41. Kg1 Kg5 42. Bd2+ Kh5 43. Qxa7 Bxg3 44. Qa5+ f5) 41. Kg1 $2 (41. Qc8+ $11 {and White is okay.} Kd5 42. Qe8) 41... Qd5 42. Qc8+ Ke7 43. Qg4 Qe6 44. Qf3 Kd7 45. Qf2 (45. g4 $142) 45... Qd5 46. Kh2 Kc7 47. Bd2 Kb6 48. Bf4 Bb4 49. Be5 a5 50. Qc2 (50. g4 $142) 50... Qf3 51. Qc4 $2 (51. Bf4) 51... f6 52. Bb8 Qh5+ 53. Kg1 Kb7 54. Bf4 Qd5 55. Qd3 g5 56. Be3 Bd6 57. Bf2 f5 58. Qe3 $2 (58. b3) 58... f4 59. gxf4 gxf4 60. Qh3 Bc7 61. Qg4 (61. Qd3 $142 f3 62. Kf1) 61... Qe4 62. Qd1 Qd5 63. Qg4 Qb3 {Threatens to win with ...f3.} 64. Qe2 f3 65. Qe3 a4 $2 (65... Qd1+ $19 {is more deadly.} 66. Be1 Bg3 67. Qe7+ Ka6) 66. Qxb3+ $17 axb3 {[%mdl 4096] Endgame KB-KB} 67. Be1 Bb6 68. Bc3 c5 69. Kf2 cxd4 70. Bd2 Kc6 71. Kxf3 Kd5 72. Ke2 Ke4 73. Kd1 Kd3 74. Bg5 Bc5 ({Black should try} 74... Bc7 $17 {And now ...Ke4 would win.} 75. Bd2 Bd6) 75. Bf6 $1 $11 {The position is equal.} Bd6 {...Ke4 is the strong threat.} 76. Bxd4 Kxd4 77. Kc1 $1 Kd3 78. Kb1 $1 Kd2 79. Ka1 {[#]} Ba3 $1 {[%mdl 512] ( -> ...Kc2)} 80. Kb1 {Accuracy: White = 56%, Black = 59%.} (80. bxa3 Kc2) 1/2-1/2

[Event "34th Voivoda Cup 2018"]
[Site "Legnica"]
[Date "2018.11.22"]
[Round "1"]
[White "Gleizerov, Evgeny"]
[Black "Murdzia, Piotr"]
[Result "1/2-1/2"]
[WhiteElo "2505"]
[BlackElo "2411"]
[Annotator "TA"]
[PlyCount "63"]
[EventDate "2018.11.22"]
[EventType "tourn"]
[EventCountry "POL"]
[SourceTitle "playchess.com"]
[Source "ChessBase"]
[SourceQuality "1"]

{[%evp 25,63,15,22,5,22,24,35,26,36,22,35,26,28,26,25,25,32,0,0,0,-10,-6,0,0,0,0,0,0,0,-34,-35,-34,-38,-41,-41,-64,-50,-75,-22,-37]} 1. d4 Nf6 2. c4 e6 3. g3 d5 4. Nf3 Be7 5. Bg2 O-O 6. O-O dxc4 7. Qc2 a6 8. a4 Bd7 9. Rd1 {E05: Open Catalan: 5 Nf3 Be7} Bc6 10. Bg5 Nbd7 11. Nbd2 h6 12. Bxf6 Nxf6 13. Nxc4 Be4 {LiveBook: 7 Games} 14. Qc1 a5 15. Nfe5 {[#]} Bd5 $146 ({Predecessor:} 15... Bxg2 16. Kxg2 c6 {1-0 (52) Gelfand,B (2724)-Harikrishna,P (2750) Moscow 2017}) 16. b3 Bb4 17. Qc2 Qe7 18. e4 {[%cal Be2e4,Be4e5][%mdl 32]} Bxc4 $1 19. Qxc4 Rfd8 20. Nd3 Ba3 21. e5 Nd5 22. Bxd5 Rxd5 23. Nf4 Rdd8 24. d5 {[%cal Rd5e6]} Bb2 25. dxe6 Bxe5 26. Rxd8+ Rxd8 27. Rc1 (27. Re1 $5 {[%cal Re1e5]} Bxf4 28. gxf4 $11) 27... Rd4 28. exf7+ Qxf7 29. Qxf7+ Kxf7 30. Ne2 Rb4 31. Rc5 Bd6 ({Black should try} 31... Ke6 $17 {Threatening ...b6.} 32. Nc1 b6) 32. Rc3 {Accuracy: White = 56%, Black = 52%.} 1/2-1/2

[Event "34th Voivoda Cup 2018"]
[Site "Legnica"]
[Date "2018.11.22"]
[Round "1"]
[White "Wieczorek, Oskar"]
[Black "Lewtak, Damian"]
[Result "1-0"]
[WhiteElo "2468"]
[BlackElo "2411"]
[Annotator "TA"]
[PlyCount "69"]
[EventDate "2018.11.22"]
[EventType "tourn"]
[EventCountry "POL"]
[SourceTitle "playchess.com"]
[Source "ChessBase"]
[SourceQuality "1"]

{[%evp 20,69,57,17,35,35,35,35,30,47,41,40,66,64,84,70,85,97,84,97,135,122,193,199,490,502,493,493,481,496,494,466,496,485,568,525,620,620,620,620,895,0,527,0,895,893,829,823,1230,1147,1462,1410]} 1. e4 Nf6 2. e5 Nd5 3. d4 d6 4. Nf3 dxe5 5. Nxe5 c6 6. Be2 Nd7 7. Nf3 g6 8. O-O Bg7 9. c4 Nc7 10. Nc3 O-O {B04: Alekhine's Defence: 4 Nf3} 11. Be3 {LiveBook: 33 Games} b5 $146 ({Predecessor:} 11... Nf6 12. h3 Bf5 13. Qb3 Rb8 14. Bf4 {1-0 (35) Kobalia,M (2651)-Vitiugov,N (2734) Khanty-Mansiysk 2013}) 12. cxb5 cxb5 {White is slightly better.} 13. Nxb5 Nxb5 14. Bxb5 Rb8 15. Qe2 Qb6 16. a4 $36 {[%mdl 2048] White has some pressure.} a6 17. Bc4 {Black must now prevent Bf4.} Qxb2 18. Bxa6 Bxa6 19. Qxa6 Rb6 20. Qc4 Rb4 {[#]} (20... Qb3 $16 21. Qxb3 Rxb3) 21. Qc6 $1 $18 {[%cal Rc6d7]} Rfb8 $2 (21... Nb8 {keeps fighting.} 22. Qe4 e6) 22. Qxd7 Qxa1 23. Rxa1 Rb1+ {[#]} 24. Ne1 $1 Rxa1 {[%cal Ra1e1]} 25. Kf1 e6 26. Bd2 Bf8 27. Ke2 Ra8 28. a5 Ra2 29. Kd3 Ra3+ 30. Ke2 Ra2 31. Kd3 Ra3+ $1 32. Kc4 {White is clearly winning.} Ra2 33. Bc3 Rxf2 34. Nd3 Rxg2 35. Qb7 {Accuracy: White = 90%, Black = 29%.} 1-0

[Event "34th Voivoda Cup 2018"]
[Site "Legnica"]
[Date "2018.11.22"]
[Round "1"]
[White "Sieciechowicz, Marcin"]
[Black "Kriebel, Tadeas"]
[Result "0-1"]
[WhiteElo "2432"]
[BlackElo "2515"]
[Annotator "TA"]
[PlyCount "82"]
[EventDate "2018.11.22"]
[EventType "tourn"]
[EventCountry "POL"]
[SourceTitle "playchess.com"]
[Source "ChessBase"]
[SourceQuality "1"]

{[%evp 16,82,20,14,27,17,35,21,39,32,50,14,53,31,57,74,76,61,70,50,61,36,58,57,82,0,0,0,0,0,30,0,73,96,104,109,82,88,93,100,155,62,75,77,77,85,85,42,73,-118,-30,-17,0,0,0,-187,-180,-165,-156,-2456,-2633,-2938,-2686,-2237,-1895,-29988,-29989,-29992,-29993]} 1. d4 d5 2. Nf3 e6 3. c3 Nf6 4. Bg5 h6 5. Bh4 c5 6. e3 Nc6 7. Nbd2 cxd4 {D03: 1 d4 d5 2 Nf3 Nf6 3 Bg5, including Torre Attack with early ...d5} (7... a6 8. Bd3 Be7 9. O-O Nd7 10. Bxe7 Nxe7 11. Ne5 cxd4 12. exd4 Nxe5 13. dxe5 Bd7 14. Re1 Rc8 15. Nf3 {1-0 (33) Carlsen,M (2827)-Xiong,J (2633) Douglas 2017}) 8. cxd4 Be7 9. Bd3 {LiveBook: 3 Games} O-O {The position is equal.} 10. a3 a5 11. O-O a4 12. Rc1 $146 ({Predecessor:} 12. Qe2 Bd7 13. Ne5 Be8 {1-0 (47) Hebden,M (2575)-Sindik,E (2355) Isle of Man 1997}) 12... Bd7 13. Qe2 Ra5 14. Rc2 Na7 15. Ne5 Bb5 16. Rfc1 Ne8 17. Bg3 Bxd3 18. Qxd3 Bd6 19. Ndf3 f6 20. Qg6 (20. Bh4 $16) 20... fxe5 $11 21. dxe5 Be7 22. Nd4 $36 {[%mdl 2048] Black is under pressure.} Ra6 {[%cal Ba5a6,Ba6b6,Bb6b3][%mdl 32]} 23. Nxe6 {[%mdl 64] Hoping for Rc7. Double Attack} Qd7 (23... Qa5 $1 $11) 24. Nxf8 $16 Bxf8 25. Qd3 Nc6 26. f4 Rb6 27. e4 d4 (27... Nc7 $142) 28. f5 (28. Qc4+ $16 Qf7 29. e6 (29. Qxa4 Nc7 $16)) 28... Rb3 29. Qc4+ {[%mdl 64] Double Attack} Kh7 30. Qd5 Qe7 31. Rf2 Nc7 32. f6 $2 (32. Qc4 $16 {is necessary to keep the advantage.}) 32... Qe8 (32... Qe6 $17 33. fxg7 Kxg7 34. Rxc6 bxc6) 33. Qc4 $11 Ne6 34. Qxa4 Re3 35. Qb5 $2 {[#]} (35. Rf3 $11) 35... d3 $1 $19 {[%cal Bd4d3,Bd3e2][%mdl 32]} 36. Qxb7 {Strongly threatening Rd2.} Ncd4 37. Rd1 $2 (37. b4 $17) 37... Ne2+ 38. Rxe2 dxe2 39. Re1 {[#]} Rxg3 $1 {[%mdl 512]} 40. f7 {[#]} (40. hxg3 Bc5+) 40... Qa4 $1 {[%mdl 512]} 41. Qd5 Qa7+ {Accuracy: White = 39%, Black = 61%.} 0-1

[Event "34th Voivoda Cup 2018"]
[Site "Legnica"]
[Date "2018.11.22"]
[Round "1"]
[White "Teclaf, Pawel"]
[Black "Simacek, Pavel"]
[Result "1-0"]
[WhiteElo "2384"]
[BlackElo "2503"]
[Annotator "TA"]
[PlyCount "99"]
[EventDate "2018.11.22"]
[EventType "tourn"]
[EventCountry "POL"]
[SourceTitle "playchess.com"]
[Source "ChessBase"]
[SourceQuality "1"]

{[%evp 10,99,23,15,32,8,22,14,54,64,58,56,90,87,79,31,31,19,19,24,22,19,19,22,29,25,29,14,29,24,20,27,34,37,66,52,52,53,53,45,46,33,33,33,40,40,84,74,95,53,66,52,54,50,291,289,331,306,322,297,297,297,291,281,279,255,273,272,285,295,292,286,292,266,304,286,393,391,391,395,363,339,371,381,379,337,437,430,406,395,381,395]} 1. Nf3 d5 2. b3 c5 3. e3 Nc6 4. Bb5 Bd7 5. O-O e6 6. Bb2 {LiveBook: 22 Games. A06: Réti Opening:1 Nf3 d5} Nge7 7. c4 (7. Be2 Ng6 8. c4 d4 9. exd4 cxd4 10. Nxd4 Qf6 11. Nc2 Qxb2 12. Nc3 Nb4 {0-1 (27) Salgado Lopez,I (2644)-Anand,V (2782) Riadh 2017}) 7... a6 8. Bxc6 {The position is equal.} Nxc6 $146 ({Predecessor:} 8... Bxc6 9. Ne5 Qc7 10. Qf3 f6 11. Nxc6 Qxc6 12. Qh5+ g6 13. Qh4 {1-0 (36) Lenderman,A (2625)-Sarkar,J (2310) Greensboro 2018}) 9. cxd5 exd5 10. d4 Bg4 11. h3 Be6 12. dxc5 Bxc5 13. Qc2 ({Stronger than} 13. Bxg7 Rg8 $17) 13... Qe7 14. Nc3 {[%cal Bb1c3,Bc3e2,Be2f4][%mdl 32]} O-O 15. Rfd1 Rfd8 16. Rac1 Ba7 17. Ne2 Rac8 18. Qb1 f6 19. Nf4 Bf7 20. Qf5 {[%cal Rf4d5]} Qe4 21. Qg4 {[#] Bxf6 is the strong threat.} Kh8 22. Nd4 Bxd4 23. Bxd4 Qe8 24. Bb2 $40 {[%mdl 128] White has some attack.} (24. Bb6 {looks sharper.} Ne5 25. Qf5 Rd7 26. Rc2 Kg8 27. Rdc1) 24... Ne5 25. Qe2 (25. Qf5 {is more complex.} Rxc1 26. Rxc1 Nc6 27. Qd3 Kg8 28. Rd1) 25... Rxc1 26. Rxc1 Rc8 {[#] Hoping for ...Rxc1+.} 27. Rd1 Qc6 28. Qd2 {[%cal Rf4d5]} Rd8 29. Rc1 Qd7 30. Qa5 {Threatens to win with Rc7.} Nc6 31. Qb6 Qd6 $2 (31... Rc8 $14) 32. Qxb7 $18 Ne5 33. Rc7 Nd7 34. Qc6 Qxc6 35. Rxc6 Nb8 36. Rc7 Kg8 37. Nd3 Nd7 38. Nb4 Ne5 39. Nxa6 Nd3 40. Bd4 Ra8 41. a4 Bg6 42. Ra7 Rc8 43. Nc7 Nb4 {If Black can now play ...Nc6 this consolidates a bit.} 44. Rb7 Nc6 45. Nxd5 Bf7 46. Rb5 Kf8 47. Rc5 Ke8 48. e4 Kd8 49. Bc3 Be8 50. b4 {Precision: White = 73%, Black = 53%.} 1-0

[Event "34th Voivoda Cup 2018"]
[Site "Legnica"]
[Date "2018.11.23"]
[Round "2"]
[White "Kriebel, Tadeas"]
[Black "Murdzia, Piotr"]
[Result "1-0"]
[WhiteElo "2515"]
[BlackElo "2411"]
[Annotator "TA"]
[PlyCount "103"]
[EventDate "2018.11.22"]
[EventType "tourn"]
[EventCountry "POL"]
[SourceTitle "playchess.com"]
[Source "ChessBase"]
[SourceQuality "1"]

{[%evp 9,103,32,32,22,25,11,13,12,8,16,16,16,16,13,31,38,46,43,56,48,74,61,59,41,42,49,40,41,104,100,122,120,91,72,72,79,79,40,48,45,85,75,198,215,285,244,318,274,195,237,430,430,468,458,486,468,465,452,662,558,582,661,671,664,633,639,636,630,919,905,629,294,294,287,503,503,503,503,595,454,1183,1144,1123,1078,29968,29969,29972,29972,29973,29974,29977,29978,29978,29978,29980,29975]} 1. e4 e5 2. Nf3 Nc6 3. Bb5 Nf6 4. d3 d6 5. O-O Bd7 (5... Be7 6. c3 O-O 7. Re1 a6 8. Ba4 Re8 9. Nbd2 Bf8 10. Nf1 h6 11. Ng3 b5 12. Bb3 Be6 13. Bxe6 Rxe6 14. a4 b4 15. d4 d5 16. dxe5 Nxe4 17. c4 Nxe5 18. cxd5 Nxf2 19. Kxf2 Ng4+ 20. Kf1 Rxe1+ 21. Qxe1 Qxd5 22. Qe4 Qd1+ 23. Qe1 Qd5 24. Qe4 Qd1+ 25. Qe1 {½-½ (25) Vachier Lagrave,M (2780)-Naiditsch,A (2721) Douglas 2018}) 6. c4 {C66: Ruy Lopez: Steinitz Defence} g6 7. Nc3 Bg7 8. Nd5 {The position is equal.} Nxd5 9. cxd5 Ne7 10. Bxd7+ Qxd7 11. Bg5 O-O $146 ({Predecessor:} 11... f6 12. Be3 c6 13. dxc6 Nxc6 {1-0 (22) Shyam,S (2535)-Faizrakhmanov,R (2439) Kazan 2017}) 12. Rc1 c5 13. a4 f6 14. Be3 {[%cal Bg5e3,Be3f2,Bf2e1][%mdl 32]} h5 15. Nd2 f5 {With the idea ...f4.} 16. f3 f4 17. Bf2 g5 18. Nc4 g4 (18... Nc8 $14) 19. Be1 $16 Ng6 20. b4 b6 21. a5 Rab8 22. axb6 axb6 23. Qb3 Bf6 24. Rb1 gxf3 25. Rxf3 Bh4 {[#]} (25... b5 $16 {was called for.} 26. Na5 cxb4) 26. bxc5 $1 $18 Bxe1 27. c6 Qa7 {Hoping for ...b5+.} 28. Nxd6 b5+ 29. Kh1 Ba5 $2 (29... Nh4 30. Rxe1 Nxf3 31. gxf3 Qf2) 30. Nf5 Rxf5 31. exf5 Nh4 32. d6+ Qf7 33. c7 Rf8 (33... Bxc7 $142 34. dxc7 Rc8) 34. Qxf7+ Kxf7 35. Rxb5 Bxc7 36. dxc7 {[%mdl 4096] [#] Endgame Strongly threatening Rb8! KRR-KRN} Rc8 37. Rf1 Rxc7 38. g3 Nxf5 39. Rxe5 Kf6 40. Rxf5+ (40. Rb5 $142) 40... Kxf5 41. Rxf4+ {KR-KR} Kg5 $2 (41... Kg6 42. Kg2 Rc2+ 43. Rf2 Rc3) 42. h4+ Kg6 43. Kg2 Rc1 44. Kf2 Rd1 (44... Rc8 $142 45. Rd4 Re8) 45. Ke2 Rg1 46. Rf3 Ra1 47. d4 {[%cal Bd3d4,Bd4d5][%mdl 32] White mates.} Ra2+ 48. Ke3 Ra4 49. Ke4 Ra5 50. d5 Ra1 51. Ke5 Rd1 52. Ke6 {Accuracy: White = 80%, Black = 34%.} 1-0

[Event "34th Voivoda Cup 2018"]
[Site "Legnica"]
[Date "2018.11.23"]
[Round "2"]
[White "Simacek, Pavel"]
[Black "Wieczorek, Oskar"]
[Result "0-1"]
[WhiteElo "2503"]
[BlackElo "2468"]
[Annotator "TA"]
[PlyCount "114"]
[EventDate "2018.11.22"]
[EventType "tourn"]
[EventCountry "POL"]
[SourceTitle "playchess.com"]
[Source "ChessBase"]
[SourceQuality "1"]

{[%evp 13,114,28,53,49,55,47,57,52,47,19,29,28,47,47,51,0,29,20,52,45,21,21,13,8,21,28,31,33,28,24,50,16,34,14,21,-49,-35,-54,-53,-55,-56,-50,-50,-36,-9,-4,-8,-16,-16,-21,-9,-11,-12,-12,-12,-42,-41,-141,-49,-116,-116,-115,-115,-263,-86,-105,-100,-116,-116,-116,-116,-175,-107,-181,-181,-172,-166,-153,-131,-144,-140,-165,-164,-157,-150,-410,-410,-425,-425,-425,-425,-425,-425,-408,-407,-12814,-12814,-29991,-29992,-29993,-29993,-29997,-29998]} 1. e4 c5 2. Nf3 Nc6 3. Nc3 d6 4. d4 cxd4 5. Nxd4 Nf6 6. Bg5 e6 7. Qd2 Qb6 8. O-O-O {B63: Sicilian: Richter-Rauzer: 7...Be7 and unusual Black 7th moves} Qxd4 9. Qxd4 Nxd4 10. Rxd4 {White is slightly better.} a6 11. Bxf6 gxf6 12. Na4 Bd7 13. Nb6 Rd8 {[#]} 14. Nc4 $146 (14. Nxd7 $14 Rxd7 15. Be2) ({Predecessor:} 14. Nxd7 Rxd7 15. Be2 Rg8 {1-0 (55) Jones,G (2670)-Trent,L (2406) Hull 2018}) 14... Bc8 15. Be2 d5 16. exd5 Bc5 17. Rf4 Rxd5 18. Rxf6 b5 19. Ne3 Re5 20. Re1 Ke7 21. Rf3 f5 22. Bf1 Bb7 23. Rf4 Rf8 24. g3 (24. Bd3 $11) 24... Re4 $15 25. Ng2 e5 26. Rexe4 Bxe4 27. Rh4 Bxf2 28. Rxh7+ Kd6 29. Rh6+ Kc7 30. Rxa6 f4 31. gxf4 exf4 {Hoping for ...f3.} 32. Re6 Bd5 33. Re2 Bb6 {...f3 is the strong threat.} 34. Rd2 Bc6 {aiming for ...f3.} ({Much worse is} 34... Bxa2 $6 35. b3 $14 (35. Bxb5 f3 $11)) 35. Rd1 ({White should try} 35. Rd3 $15) 35... Rh8 (35... f3 $17 36. Nh4 Be3+ 37. Kb1 f2) 36. Nxf4 ({White should play} 36. Kb1 $15) 36... Be3+ $17 {[%mdl 64] Double Attack} 37. Kb1 Bxf4 38. h3 (38. a3 $17 {might work better.}) 38... b4 $2 (38... Bf3 $1 $19 {[%cal Rf3d1]} 39. Re1 Bd2) 39. Re1 Bg3 40. Re7+ Kd6 41. Re3 Bf4 42. Rd3+ (42. Re1 $17 {was worth a try.}) 42... Kc7 (42... Kc5 $19 43. Be2 Be4) 43. Rd1 (43. Be2 $17 {was called for.}) 43... Bf3 $1 $19 {[%cal Rf3d1]} 44. Re1 Bd2 $1 {[%cal Rd2e1]} 45. Re6 Bd5 46. Re7+ Kc6 {Threatens to win with ...Rg8.} 47. c4 bxc3 48. bxc3 Bxc3 {And now ...Rb8+ would win.} 49. a4 $2 (49. Kc2 $17) 49... Kc5 $1 50. Rc7+ Kd4 51. Rd7 {[#] intending Bg2.} Rg8 $1 52. Bb5 {[#]} Rg1+ $1 53. Kc2 Rg2+ 54. Kb1 (54. Kc1 $142 Bb4 55. Kb1) 54... Kc5 55. Rd8 Bb3 {Black mates.} 56. Rf8 Ra2 {[%csl Gc3][%cal Ra2a1]} 57. Rf5+ Kb4 {Accuracy: White = 39%, Black = 59%.} 0-1

[Event "34th Voivoda Cup 2018"]
[Site "Legnica"]
[Date "2018.11.23"]
[Round "2"]
[White "Hirneise, Tobias"]
[Black "Teclaf, Pawel"]
[Result "0-1"]
[WhiteElo "2472"]
[BlackElo "2384"]
[Annotator "TA"]
[PlyCount "78"]
[EventDate "2018.11.22"]
[EventType "tourn"]
[EventCountry "POL"]
[SourceTitle "playchess.com"]
[Source "ChessBase"]
[SourceQuality "1"]

{[%evp 22,78,35,23,69,7,12,0,0,-87,-86,-83,-83,-91,-66,-57,-73,-84,-87,-196,-142,-141,-136,-142,-126,-120,-114,-197,-208,-264,-97,-91,-82,-97,-105,-103,-100,-104,-114,-118,-32,-106,-107,-201,-200,-200,-201,-209,-204,-212,-210,-203,-210,-203,-200,-210,-209,-202,-182]} 1. d4 Nf6 2. c4 g6 3. g3 Bg7 4. Bg2 d5 5. cxd5 Nxd5 6. Nc3 Nb6 7. Nf3 O-O 8. O-O Nc6 9. e3 Re8 10. Nh4 {D76: Fianchetto Grünfeld: Main Line with 7...Nb6} a5 11. f4 a4 12. Rf2 {LiveBook: 5 Games. White is slightly better.} Bd7 13. Qf1 $146 (13. Ne4 $14) ({Predecessor:} 13. Nf3 Qc8 14. Ne4 Rd8 15. Nc5 Be8 16. Qf1 e6 17. Bd2 Nd5 {1-0 (106) Grachev,B (2659)-Sivuk,V (2519) Loo 2014}) 13... Na5 14. Ne4 Bc6 15. f5 (15. Nc5 $11 {remains equal.}) 15... e5 $1 $17 {[%cal Re5d4]} 16. fxe6 Rxe6 17. Nc5 {Threatens to win with Bd2.} Re7 $1 18. Bxc6 Nxc6 19. Bd2 Qd5 20. Qg2 {[#]} (20. Nd3 $17) 20... a3 ({Better is} 20... Nxd4 $1 $19 {[%mdl 512]} 21. Qxd5 (21. exd4 Bxd4) 21... Nxd5) 21. b4 Rae8 22. Nb3 Qb5 23. Rc1 Bh6 24. Rc5 (24. Qf3 $17) 24... Qd3 $19 25. b5 Nd8 $2 (25... Bxe3 $19 {and Black stays clearly on top.} 26. Bxe3 Rxe3) 26. Qf1 $17 Qxf1+ 27. Kxf1 Bxe3 28. Bxe3 Rxe3 29. Rxc7 Nd5 $36 {[%mdl 2048] Black is on the roll.} 30. Rc1 Nb4 ({Black should play} 30... Ne6 $17 31. Ng2 Re4) 31. Ng2 {[#]} (31. Nc5 $15) 31... Nxa2 $1 {[%mdl 512]} 32. Rxa2 (32. Rb1 $17 {might work better.} Nc3 33. Ra1) 32... Rxb3 $19 {Black is clearly better.} 33. Rca1 Rxb5 34. Rxa3 Nc6 35. Rd3 Rd8 36. Rad1 Rbd5 37. Rb1 b5 ({Don't play} 37... Nxd4 38. Ne3 $17) ({But not} 37... Rxd4 38. Rxd4 Rxd4 39. Rxb7 $17) 38. Ne3 Rxd4 39. Rc3 Rb4 {Accuracy: White = 45%, Black = 61%.} 0-1